书目信息 |
| 题名: |
概率统计及其应用
|
|
| 作者: | 安建业 , 罗蕴玲 , 李乃华 , 卢志义 编著 | |
| 分册: | ||
| 出版信息: | 北京 高等教育出版社 2019.04 |
|
| 页数: | 371页 | |
| 开本: | 23cm | |
| 丛书名: | ||
| 单 册: | ||
| 中图分类: | O211 | |
| 科图分类: | ||
| 主题词: | 概率统计--gai shuai tong ji--高等教育--教材 | |
| 电子资源: | ||
| ISBN: | 978-7-04-051619-7 | |
| 000 | 01086nam0 2200313 450 | |
| 001 | 29552 | |
| 005 | 20221105180114.07 | |
| 010 | @a978-7-04-051619-7@dCNY46.20 | |
| 100 | @a20190701d2019 em y0chiy50 ea | |
| 101 | 0 | @achi |
| 102 | @aCN@b110000 | |
| 105 | @aak a 000yy | |
| 200 | 1 | @a概率统计及其应用@Agai lv tong ji ji qi ying yong@f安建业 ... [等] 编著 |
| 205 | @a第2版 | |
| 210 | @a北京@c高等教育出版社@d2019.04 | |
| 215 | @a371页@c图@d23cm | |
| 300 | @a自主创新方法先行 | |
| 304 | @a题名页题其余责任者: 罗蕴玲, 李乃华, 卢志义 | |
| 320 | @a有书目 | |
| 330 | @a本书分为七章, 内容包括概率论的基本概念、随机变量及其分布、随机变量的数字特征、统计学基础、统计推断、方差分析、相关分析与回归分析等。 | |
| 333 | @a“十二五”普通高等教育本科国家级规划教材 | |
| 606 | 0 | @a概率统计@Agai shuai tong ji@x高等教育@j教材 |
| 690 | @aO211@v5 | |
| 701 | 0 | @a安建业@Aan jian ye@4编著 |
| 701 | 0 | @a罗蕴玲@Aluo yun ling@4编著 |
| 701 | 0 | @a李乃华@Ali nai hua@4编著 |
| 701 | 0 | @a卢志义@Alu zhi yi@4编著 |
| 801 | 0 | @aCN@c20220910 |
| 905 | @a河南城建学院图书馆@dO211@eA660=2@f2 | |
| 概率统计及其应用/安建业 ... [等] 编著.-第2版.-北京:高等教育出版社,2019.04 |
| 371页:图;23cm |
| 自主创新方法先行.-使用对象:“十二五”普通高等教育本科国家级规划教材 |
| ISBN 978-7-04-051619-7:CNY46.20 |
| 本书分为七章, 内容包括概率论的基本概念、随机变量及其分布、随机变量的数字特征、统计学基础、统计推断、方差分析、相关分析与回归分析等。 |
| ● |
| 相关链接 |
|
|
|
正题名:概率统计及其应用
索取号:O211/A660=2
 
预约/预借
| 序号 | 登录号 | 条形码 | 馆藏地/架位号 | 状态 | 备注 |
| 1 | 1583284 | 215832847 | 自科库401/401自科库 47排4列2层/ [索取号:O211/A660=2] | 在馆 | |
| 2 | 1583285 | 215832856 | 自科库401/401自科库 47排4列2层/ [索取号:O211/A660=2] | 在馆 |